00556 2200193 4500001002100000005001500021035002000036007000300056008003900059082000700098084001300105100003100118245010600149250001000255260004600265300002400311600001200335990001500347INLIS00000000000989220260417090340 a0010-0426000271ta260417 | | |  a51 a51 SHE p0 aSHEILLA SALSABILAH AZZAHRA1 aPENGARUH PENCAMPURAN DUA JENIS AGREGAT HALUS TERHADAP KUAT TEKAN BETON /cSHEILLA SALSABILAH AZZAHRA aCet 1 aPalangka Raya :bPerpustakaan UMPR,c2023 avi, 69 hlm :bilus. 4aSKRIPSI a1851020030